MLB AL/NL East 2026 Lineups (My Lineups) - Statistics

General Stats
  • This quiz has been taken 119 times
    46 since last reset
  • The average score is 53 of 100
Answer Stats
Answer % Correct
Aaron Judge
97%
Austin Wells
94%
Cody Bellinger
94%
Giancarlo Stanton
94%
Jazz Chisholm Jr.
94%
Anthony Volpe
90%
Ben Rice
90%
Vladimir Guerrero Jr.
90%
Alejandro Kirk
87%
Ernie Clement
87%
Max Fried
87%
Addison Barger
84%
George Springer
84%
Gunner Henderson
81%
Jarren Duran
81%
Pete Alonso
81%
Trent Grisham
81%
Garrett Crochet
77%
Kyle Schwarber
77%
Adley Rutschman
74%
Bryce Harper
74%
Dalton Varsho
74%
Jaun Soto
74%
Trea Turner
74%
Andrés Giménez
71%
Bo Bichette
71%
Dylan Cease
71%
Francisco Lindor
71%
JT Realmuto
71%
Roman Anthony
71%
Ronald Acuna Jr.
71%
Alec Bohm
65%
Brandon Marsh
65%
Ceddanne Rafaela
65%
Chris Sale
65%
Matt Olson
65%
Trevor Story
65%
Zack Wheeler
65%
Junior Caminero
61%
Ryan McMahon
61%
Wiyler Abreu
61%
Adolis Garcia
58%
Bryson Stott
58%
Drake Baldwin
58%
James Wood
58%
Luis Garcia Jr.
58%
Ozzie Albies
58%
Austin Riley
55%
CJ Abrams
55%
Freddy Peralta
55%
Kazuma Okamoto
55%
Marcus Semien
55%
Wilson Contreras
55%
Kyle Stowers
52%
Michael Harris II
52%
Taylor Ward
52%
Colton Cowser
48%
Francisco Alvarez
48%
Jorge Polanco
48%
Yandy Diaz
48%
Jacob Young
45%
Jordan Westburg
45%
Anthony Santander
42%
Cedric Mullins
42%
Chandler Simpson
42%
Jonathan Aranda
42%
Marcelo Mayer
42%
Tyler O'Neill
42%
Dylan Crews
39%
Jackson Holiday
39%
Jurikson Profar
39%
Keibert Ruiz
39%
Sean Murphy
39%
Brett Baty
35%
Johan Rojas
35%
Luis Robert Jr.
35%
Sandy Alcantara
35%
Xavier Edwards
35%
Agustín Ramírez
32%
Connor Wong
32%
Ha-Seong Kim
29%
Ryan Mountcastle
29%
Brady House
26%
Jake Irvin
26%
Otto Lopez
26%
Trevor Rodgers
26%
Carson Benge
23%
Daylen Lile
23%
Jakob Marsee
23%
Andrés Chaparro
19%
Ryan Pepiot
19%
Connor Norby
16%
Gavin Lux
16%
Isiah Kiner-Falefa
16%
Carson Williams
13%
Griffin Conine
13%
Javier Sanoja
13%
Hunter Feduccia
10%
Jake Fraley
10%
Eric Wagaman
3%
No matching quizzes found
Score Distribution
Percent of People with Each Score
Percentile by Number Answered
Your Score History
You have not taken this quiz since the last reset